| 000 | 00638nam a22002057a 4500 | ||
|---|---|---|---|
| 003 | OSt | ||
| 005 | 20160630144055.0 | ||
| 008 | 160630b xxu||||| |||| 00| 0 eng d | ||
| 020 | _a0415394651 | ||
| 040 | _cDDC | ||
| 082 | _a338.9 TAR 2006 | ||
| 100 |
_aEdited by Richard Black; Howard, White _99796 |
||
| 245 | _aTargeting Development: critical perspectives on the millennium development goals | ||
| 260 | _aLondon; Routledge, 2006 | ||
| 300 | _axxiv,360p; ill: 23.5cm | ||
| 504 | _aNotes, references, & index included | ||
| 650 |
_aEconomic development _9521 |
||
| 650 |
_aMillennium development goals _99797 |
||
| 942 |
_2z _cO_SHELF |
||
| 999 |
_c4571 _d4571 |
||